Представление документа в формате MARC21

Поле Инд. ПП Название Значение
Тип записи a
Библиографический уровень m
001 Контрольный номер UNIDUBNA008ac4bb8c54463d82b73fab8b035bbf
005 Дата корректировки 20260413103607.0
008 Кодируемые данные 20160818
020 a ISBN 978-5-89847-658-8
040 b Код языка каталог. rus
e Правила каталог. PSBO
041 0_ a Код языка текста rus
084 a Индекс другой классификации/Индекс ББК 94.3я431
090 a Полочн. индекс 94.3я431
x Авторский знак E 97
245 10 a Заглавие Exploring the world and making it better. Исследуем мир и делаем его лучше
b Продолж. заглавия V Межвузовская научно-практическая конференция проектных работ на иностранных языках в рамках Всероссийского фестиваля науки и технологий (17 апреля 2021 г.): сборник материалов
c Ответственность Министерство образования Московской области; Государственный университет "Дубна". Кафедра иностранных языков и русского как иностранного; под общей редакцией Н. В. Шимон; технический редактор Ю. С. Кравченко
260 a Место издания Дубна
b Издательство Государственный университет "Дубна"
c Дата издания 2021
300 a Объем 126 с.
336 a Термин вида содержания Текст
337 a Термин типа средства непосредственный + электронный
505 0_ a Форматированное содержание How you can become happy by controlling your emotions
b Автор Eremina A.
505 0_ a Форматированное содержание Global warning! Is tobacco a chronic doomsday?
b Автор Ivanov M.
505 0_ a Форматированное содержание The phenomenon of consumerism in social cognition
b Автор Danilova Ks.
505 0_ a Форматированное содержание Why should we go to Mars?
b Автор Kazarinov V.
505 0_ a Форматированное содержание Cultural impact of video games
b Автор Sabitov A.
505 0_ a Форматированное содержание Why you shouldn’t ignore your sadness and how to be happier
b Автор Chumikova M.
b Автор Shukrinova E.
505 0_ a Форматированное содержание Sugar hook
b Автор Yachmeneva A.
b Автор Yachmenev A.
505 0_ a Форматированное содержание Human vs artificial intelligence
b Автор Golubtsova S.
505 0_ a Форматированное содержание The impact of social networks on human speech
b Автор Poroshina M.
505 0_ a Форматированное содержание Computer virus Emotet as a threat to modern computers
b Автор Novikov I.
b Автор Sorokin N.
505 0_ a Форматированное содержание Family traditions in different countries
b Автор Kopylova M.
b Автор Kuznetsova D.
505 0_ a Форматированное содержание Superconductivity. Superconductors
b Автор Ter-Avanesian K.
505 0_ a Форматированное содержание The relevance of cannabis use in medicine today
b Автор Verkhovtsev Y.
505 0_ a Форматированное содержание Noise Reduction with Deep Learning
b Автор Rybakina A.
505 0_ a Форматированное содержание Constitutional amendments into the President’s term in Russia
b Автор Lagutina S.
b Автор Andreeva I.
b Автор Volokitina Yu.
505 0_ a Форматированное содержание Children as the most important priority of Russia’s state Policy
b Автор Melnik E.
b Автор Kostromina V.
505 0_ a Форматированное содержание Multifarious Germany
b Автор Valdman A.
b Автор Vlasov R.
b Автор Danyleichenko V.
505 0_ a Форматированное содержание The sovereignty of the state in modern conditions
b Автор Sarkisova A.
505 0_ a Форматированное содержание The hypothesis of linguistic relativity
b Автор Gasnikov M.
505 0_ a Форматированное содержание Semantic space differences between Germans and Russians
b Автор Tokareva M.
b Автор Tyagulskaya E.
b Автор Redkina A.
505 0_ a Форматированное содержание Enlightenment women brought into Victorian era
b Автор Grishakova M.
505 0_ a Форматированное содержание Sport injuries and general physiology (based on the example of rhythmic gymnastics)
b Автор Borodin L.
b Автор Kumikova Zh.
550 a Факультет/Кафедра/Подразделение Кафедра иностранных языков и русского как иностранного
650 04 a Основная рубрика английский язык
a Основная рубрика филологические науки
a Основная рубрика частное языкознание
a Основная рубрика языкознание
653 0_ a Ключевые слова доклады
a Ключевые слова информационно-коммуникационные технологии
a Ключевые слова исследования
a Ключевые слова культура
a Ключевые слова политика
a Ключевые слова проблемы образования
a Ключевые слова психология
a Ключевые слова человек
a Ключевые слова экономика
700 1_ a Автор Шимон Н. В.
e Роль лиц редактор
700 12 a Автор Кравченко Ю. С.
e Роль лиц редактор
720 a Наименование подборки СЭБ3
e Признак/вид подборки Тематические подборки
856 40 a Имя сервера/домена Библиотечная система Университета "Дубна"
d Путь http://lib.uni-dubna.ru/MegaPRO/Web
i Указания/сценарий входа Доступ по номеру читательского билета и фамилии читателя
y Справочный текст Электронная версия
u URL https://lib.uni-dubna.ru/MegaPRO/UserEntry?Action=FindDocs&ids=181558&idb=ec_110
856 40 a Имя сервера/домена ЭБС "Лань"
d Путь http://e.lanbook.com/
i Указания/сценарий входа Доступ по логину и паролю
v Время доступа к ресурсу 10.04.2027
y Справочный текст Электронная версия
u URL https://e.lanbook.com/book/369338
900 a Имя электронного ресурса Exploring_the_world_and_making_it_better
x Справочная информация Полный текст
900 a Имя электронного ресурса obl_Exploring_the_world_and_making_it_better
x Справочная информация Обложка
901 t Тип документа m
952 a Тип литературы для КСУ ВШ УИ